000 00478nam a2200193Ia 4500
005 20250423101307.0
008 250422s9999 xx 000 0 und d
020 _a9789327251746
050 _aQL 463 .A43/
100 _aAmbrose, Dunston P.
245 4 _aThe Insects : Structure, function and Biodiversity
250 _a2nd ed.
260 _aNew Delhi, India
260 _bKalyani Publishers
260 _c2015
300 _a626 p
650 _aInsects.
942 _cBK
999 _c35878
_d35878